Engineering economy (Record no. 1549)

000 -LEADER
fixed length control field 00674nam a22002294a 4500
001 - CONTROL NUMBER
control field 1549
003 - CONTROL NUMBER IDENTIFIER
control field BD-DhUET
008 - FIXED-LENGTH DATA ELEMENTS--GENERAL INFORMATION
fixed length control field 000424s2001 njua b 001 0 eng
020 ## - INTERNATIONAL STANDARD BOOK NUMBER
International Standard Book Number 013028128X
040 ## - CATALOGING SOURCE
Original cataloging agency DLC
Transcribing agency DLC
Modifying agency BD-DhUET
082 00 - DEWEY DECIMAL CLASSIFICATION NUMBER
Classification number 620.02
Item number THU/2001
100 ## - MAIN ENTRY--PERSONAL NAME
Personal name Thuesen, G. J.
245 10 - TITLE STATEMENT
Title Engineering economy
Statement of responsibility, etc. by G.J. Thuesen and W.J. Fabrycky
250 ## - EDITION STATEMENT
Edition statement 9th ed.
260 ## - PUBLICATION, DISTRIBUTION, ETC. (IMPRINT)
Place of publication, distribution, etc. New Jersy
Name of publisher, distributor, etc. Prentice Hall
Date of publication, distribution, etc. 2001
300 ## - PHYSICAL DESCRIPTION
Extent xiv, 637 p.
Other physical details ill.
Dimensions 25 cm.
490 ## - SERIES STATEMENT
Series statement Prentice hall international series in industrial and sytems engineering
504 ## - BIBLIOGRAPHY, ETC. NOTE
Bibliography, etc Includes bibliographies
650 #0 - SUBJECT ADDED ENTRY--TOPICAL TERM
Topical term or geographic name as entry element Engineering economy
700 1# - ADDED ENTRY--PERSONAL NAME
Personal name Fabrycky, W. J.
942 ## - ADDED ENTRY ELEMENTS (KOHA)
Koha item type General Book
Holdings
Shelving location Koha item type Not for loan Price effective from Damaged status Koha normalized classification for sorting Source of classification or shelving scheme Copy number Lost status Sublocation or collection (holding branch) Koha date last seen Koha issues (times borrowed) Koha full call number Date acquired Location (home branch) Withdrawn status Piece designation (barcode) Koha date last borrowed
Circulation sectionGeneral Book 2014-09-08 620_000000000000000_02THU2001 1 Central Library, BUET2014-09-08 620.02/THU/20012014-09-08Central Library, BUET 102596 
Circulation sectionGeneral Book 2014-09-08 620_000000000000000_02THU2001 2 Central Library, BUET2014-09-08 620.02/THU/20012014-09-08Central Library, BUET 102594 
Circulation sectionGeneral Book 2014-09-08 620_000000000000000_02THU2001 3 Central Library, BUET2021-12-201620.02/THU/20012014-09-08Central Library, BUET 1025902021-11-29
Circulation sectionGeneral Book 2014-09-08 620_000000000000000_02THU2001 4 Central Library, BUET2014-09-08 620.02/THU/20012014-09-08Central Library, BUET 102595 
Circulation sectionGeneral Book 2014-09-08 620_000000000000000_02THU2001 5 Central Library, BUET2014-09-08 620.02/THU/20012014-09-08Central Library, BUET 102589 
Circulation sectionGeneral Book 2014-09-08 620_000000000000000_02THU2001 6 Central Library, BUET2014-09-08 620.02/THU/20012014-09-08Central Library, BUET 102588 
Circulation sectionGeneral Book 2014-09-08 620_000000000000000_02THU2001 8 Central Library, BUET2022-04-162620.02/THU/20012014-09-08Central Library, BUET 1025922022-03-21
Circulation sectionGeneral Book 2014-09-08 620_000000000000000_02THU2001 9 Central Library, BUET2014-09-08 620.02/THU/20012014-09-08Central Library, BUET 102591 
Circulation sectionGeneral Book 2014-09-15 620_000000000000000_02THU2001 10 Central Library, BUET2014-09-15 620.02/THU/20012014-09-15Central Library, BUET 102593 
Circulation sectionGeneral Book 2014-09-27 620_000000000000000_02THU2001 11 Central Library, BUET2021-12-203620.02/THU/20012014-09-27Central Library, BUET 1018772021-12-04
Circulation sectionGeneral Book 2014-10-19 620_000000000000000_02THU2001 12 Central Library, BUET2014-10-19 620.02/THU/20012014-10-19Central Library, BUET 112838 
Circulation sectionGeneral Book 2014-11-23 620_020000000000000_THU_2001 13 Central Library, BUET2014-11-23 620.02/THU/20012014-11-23Central Library, BUET 101878